Maľované hlavolamy na cesty

Podrobná bibliografia
Médium: Časopis
Jazyk:slovenčina
PhysicalDescription:2 zv. 21 cm
Vydavateľské údaje: Prievidza Maquita 2004-2005
ISSN:1336-5061
Predmet:

MARC

LEADER 00000cas a2200000 a 4500
001 vtls011722254
003 SK-MaSNL
005 20260228164254.0
008 171123d20042005xo br|p 0 0slo
022 |a 1336-5061 
040 |a SNK  |b slo  |c SNK  |e AACR2 
041 0 |a slo 
044 |a xo  |c SK 
072 7 |a 793  |x Spoločenské zábavy  |2 konspekt 
072 7 |a 79  |x Rekreácia. Voľný čas. Zábavy. Hry. Šport  |2 konspekt 
072 7 |a 37  |x Výchova a vzdelávanie  |2 konspekt 
080 |a 793.7  |2 2011 
080 |a 379.8  |2 2011 
080 |a 79  |2 2011 
080 |a 050  |2 2011 
080 |a 379.8(051)  |2 2011 
210 0 |a Maľované hlavol. cesty 
222 0 |a Maľované hlavolamy na cesty 
245 0 0 |a Maľované hlavolamy na cesty 
260 |a Prievidza  |b Maquita  |c 2004-2005 
300 |a 2 zv.  |c 21 cm 
310 |a 1x za 2 mesiace 
362 0 |a Roč. I, č. 1 (2004)-roč. II, č. 1 (2005) 
500 |a Reg. č.: 3195/04 
500 |a Šéfredaktorky sa menia 
650 0 7 |a hlavolamy  |2 SNKPH  |9 3312 
650 0 7 |a voľný čas  |2 SNKPH  |9 3355 
655 7 |a časopisy pre voľný čas  |2 SNKPH  |9 70337 
910 |a snk 
999 |c 12972  |d 14902 
952 |0 0  |1 0  |4 0  |7 0  |8 0  |a SNK  |b SNK  |d 2017-11-23  |i snk2017/25961  |l 0  |o snkČSC 3761/1/2004  |p 17A0463337  |r 2026-02-21 22:12:24  |t č. 1-3  |w 2026-02-21  |y PREZ 
952 |0 0  |1 0  |4 0  |7 0  |8 0  |a SNK  |b SNK  |d 2017-11-23  |i snk2017/25961  |l 0  |o snkČSC 3761/2/2005  |p 17A1266013  |r 2026-02-21 22:12:24  |t len č. 1  |w 2026-02-21  |y PREZ